000 00326nam a2200145Ia 4500
008 090124s9999 xx 000 0 und d
082 _b133507
_a102179
245 _a धग
250 _a1
260 _bभावे अपर्णा
_c2005
300 _a192
630 _a धग
730 _a धग
942 _cBOOK
999 _c179742
_d179742